Statistiques concernant Quelle-est cette pâtisserie ? n°2

Cliquez ici pour prendre le quiz!

Statistiques générales

  • Ce quiz a été pris 174 fois
  • Le résultat moyen est 7 sur 15

Statistiques - réponses

IndicePâtisserie% Correct
La maison que découvrent Hansel et Gretel en est faitePain d'épice
83%
Une crêpe aussi épaisse que du sirop d'érablePancake
80%
Malgré son nom, cette célèbre pâtisserie n'en compte "que" 729 selon sa recette traditionnelle, même si certaines variantes peuvent aller jusqu'à 2187Mille-feuille
69%
Subtile pâtisserie maghrébine en forme de croissantCorne de gazelle
64%
A Liège, elle n'a pas de coinsGaufre
61%
Un petit lingot à l'amande particulièrement lucratif...Financier
56%
Dans son Limousin d'origine, on appelle ce gâteau aux cerises "millard"Clafoutis
47%
Un beignet dont la forme est équivalente à celle d'une tasse de café selon les lois de la topologieDonut
44%
Un gâteau particulièrement gonfléSoufflé
41%
Cette spécialité autrichienne aux pommes est née de la rencontre des cultures ottomanes et occidentales en Europe centraleApfelstrudel
33%
Composée principalement de pate à choux, ses flatulences sont également commestiblesReligieuse
24%
Ce dessert moulé porte le nom d'une reine d'AngleterreCharlotte
22%
Ce dessert friable a été inventé en Angleterre durant la Seconde Guerre mondiale pour économiser les ingrédients de la pate à tarteCrumble
22%
Gâteau fourré typique du Labourd et de la Basse-NavarreGâteau basque
14%
Emblématique de sa ville d'origine, il y possède même une "confrérie", qui a choisi de lui retirer un "n" en 1985Canelé
13%

Distribution des résultats

Percentile par nombre de réponses

% des personnes avec chaque résultat

Votre développement - résultats

Vous n’avez pas pris ce quiz